Quizzes
Events
Quiz Creation
Community
Videos
Private Events
Remove Ads
Sign In
Join for FREE
Feedback
Dark Mode
Quiz Categories
Sports
Geography
Music
Movies
Television
Just For Fun
Miscellaneous
History
Literature
Language
Science
Gaming
Entertainment
Religion
Holiday
For Kids
Quiz Lab
Recent
Popular Today
Quiz Kudos Today
Editor Picks
Curator Picks
Quizzes by...
Day
Popularity
Type
Ratings
Length
Year
Community
Subscriptions
Recent Discussions
Orange Saloon
Badges
Playlists
Quests
Create
Leaderboards
Showdown
Live 5
Trivia Bingo
Activity
Puzzle Library
Sporcle Events
Private Events
Virtual Trivia
Globe League
Become a Host
Pub Owners
SporcleCon
Opinionation
Our Games
Videos
Blog
Mobile Apps
Partnerships
Remove Ads and Go Orange
Feedback
Television
TV Characters
TV Show
Sitcom
Network
Friends
Reality Shows
Cast
South Park
Star Trek
The Simpsons
Doctor Who
Television
TV Characters
TV Show
Sitcom
Network
Friends
Reality Shows
Cast
South Park
Star Trek
The Simpsons
Doctor Who
Random Quiz
Search Sporcle
×
Quiz Lab
Quiz Lab
Television
Scranton Branch
Click on answers out of a set of options
Click on answers out of a set of options
Multiple Choice
Best Score? Go Orange.
Michael Scott - Multiple Choice Stats
Can you answer these questions about Michael Scott from the Office (US)?
By
dprzes168
4m
10 Questions
4,735 Plays
4,735 Plays
4,735 Plays
Comments
Comments
Give Quiz Kudos
Give Quiz Kudos
-
- Ratings
hide this ad
Random Order
Randomize order of answers
Randomize order of answers
Replay
Link that replays current quiz
Next Quiz
Link to next quiz in quiz playlist
You Got
0%
They Got
Avg Score
77%
Avg Friend Score
Upgrade to see
Score Distribution
Jump to the score distribution portion of the page
Score
0/10
Timer
04:00
0
Plays Today
Question
Answer
Wrong Answers
What is Michael's catch phrase?
'That's what she said'
94%
'Shove it up your butt'
0.9%
'Catch you on the flippity-flip!'
2.7%
'How you doin'?'
0.7%
In the famous CPR training scene, what song does Michael start to sing when asked to 'pump to the tune of 'Stayin' Alive' by the Bee Gees?'
'I Will Survive' by Gloria Gaynor
85.8%
'Bleeding Love' by Leona Lewis
2.7%
'Wouldn't It Be Nice' by the Beach Boys
1.8%
'How Deep Is Your Love' By the Bee Gees
7.8%
Where does Michael propose to Holly?
In the annex of the office
85.3%
In the parking lot of the office
7.8%
In Niagara Falls
3.1%
In his condo
2%
What is the name of Michael's action film he creates?
Threat Level Midnight
85.3%
Goldenface
3%
Hectopussy
1.5%
Agent 006: Michael Scarn
8.6%
What is Michael's middle name?
Gary
82.7%
Michael
2.9%
James
8.1%
Phillip
4.5%
Which is NOT one of Michael's alter egos?
Chef Mike
82.5%
Prison Mike
2.4%
Date Mike
6.9%
Michael Klump
6.5%
'Abraham Lincoln once said that ____________________, and these are the principles that carry with me in the workplace.'
'If you're a racist, I will attack you with the North.'
73.2%
'I don't even consider myself part of society'
3.3%
'Toby Flenderson is the most vile creature on this planet'
5.2%
'We're all homos. Homo sapiens.'
16.3%
'Fool me once, strike one. But fool me twice..._________'
Strike three
73%
Jokes on you
8.8%
Now we're both fools
11.5%
It's a home-run
5.2%
Which is NOT one of Michael's 'flaws?'
Doing his taxes on time
62%
Singing in the shower
12.4%
Too much time volunteering
13.8%
Occasionally hitting somebody with his car
10.1%
Who HAS NOT slapped or hit Michael?
Angela
52.9%
Pam
11.7%
Dwight
24.1%
Kelly
9.5%
Quiz Playlist
Details
Report
Send in Message
Add To Playlist
Multiple Choice:
Click on answers out of a set of options
Random Order:
Randomize order of answers
Quiz Source
Last Updated: Jun 7, 2017
Quiz Scoreboard
CHALLENGE
Sign Up to Join the Scoreboard
Show All
Scores
Hide
Comments
May contain spoilers
Recently Published
Presidents Visiting Landmarks
by Hejman
History
7m
An Introduction to Baseball
by treessimontrees
Sports
5m
Movies - When Are They Set?
by FPL_Elf
Movies
5m
More to Explore
Quiz From the Vault
Featured Blog Post
Where Did the Easter Bunny Come From?
hide this ad
You Might Also Like...
Tags
Dunder Mifflin
Michael Scott
Multiple Choice
Scranton Branch
Scranton Office
The Office
US Office
US Sitcoms
Today's Top Quizzes in Television
Browse Television
hide this ad
Top Contributed Quizzes in Television
1
One Piece Logic Puzzle
2
5-to-1: The Simpsons Families
3
Survivor Logic Puzzle: Heroes vs. Villains
4
5-to-1: Television Doctors
5
7-to-1: TV Show Settings
6
Survivor Seasons
7
5-to-1: Streaming Originals
8
Survivor Season by Logo
9
One Thing in Common: Television
10
TV Shows by First Names
Explore More
Trending Topics
NBA
Kpop
Crossword
Marvel
Harry Potter
Anime
Disney
WWE
Puzzle
Pokémon
The Office
Soccer
Country
Song
NFL
hide this ad
More By:
dprzes168
Quiz
Plays
Rating
Category
Featured
Created
Big 4 of the Past
44,167
4.50
Sports
Aug 19, 2017
Proportionate World Maps
5,881
4.62
Geography
Mar 29, 2017
Jim Halpert - Multiple Choice
4,955
4.91
Television
Mar 27, 2017
Michael Scott - Multiple Choice
4,735
4.78
Television
Apr 14, 2017
Dwight Schrute - Multiple Choice
4,539
4.89
Television
Apr 29, 2017
Go to Creator's Profile
Score Distribution
Quiz Creator Spotlight
dprzes168
Follow
Send a Message
Quizzes Created
-
Created Quiz Play Count
-
More By This Creator
Popular Quizzes Today
1
Find the US States - No Outlines Minefield
2
Find the Countries of Europe - No Outlines Minefield
3
The Countries of the World
4
Find the US States
5
Popular People in 1961
6
US States
7
Risky Map Clicking: Biggest States A-Z
8
1-10 Letter E Words III
More Television Quizzes
4 Decades of TV Show Premieres III
Published
Trending Quizzes
Risky Map Clicking: Least Populous States A-Z
1-10 Letter G Words
1-10 Letter F Words
One Thing in Common: United Kingdom
Risky Map Clicking: Next State Alphabetically
Recently Updated
Leaping Animals
pecheneg
Reality TV Shows (A-Z)
bhenderson79
Rickey Henderson's Hall of Fame Teammates
pecheneg
Champions League XIs: Arsenal
pecheneg
Quick Pick: Celebrities in WWE's Hall of Fame
aduchscher
A-Z Keypad Blitz II
pecheneg
Multiple Oscar Actors
pecheneg
Mystery Phrase Blitz: Oscar 'Best Actors'
pecheneg
F. Scott Fitzgerald Novels
LTH
Pick 3 Villains
ddd62291
Trending Topics
Marvel
Disney
Harry Potter
NBA
Anime
Crossword
Kpop
WWE
Country
The Office
Soccer
NFL
Song
Puzzle
Pokémon
Your Account Isn't Verified!
In order to create a playlist on Sporcle, you need to verify the email address you used during registration. Go to your
Sporcle Settings
to finish the process.
Report this User
Report this user for behavior that violates our
Community Guidelines
.
Details:
Send Report
Go to the Sporcle.com Mobile Site →
Comments